Rayuela / (Registro nro. 3461)

Detalles MARC
000 -LEADER
fixed length control field 00784nam a2200217Ia 4500
003 - CONTROL NUMBER IDENTIFIER
control field OSt
005 - DATE AND TIME OF LATEST TRANSACTION
control field 20250411113756.0
008 - FIXED-LENGTH DATA ELEMENTS--GENERAL INFORMATION
fixed length control field 191128s1963 ck er 000 f spa d
020 ## - INTERNATIONAL STANDARD BOOK NUMBER
International Standard Book Number 8482804030
040 ## - CATALOGING SOURCE
Original cataloging agency CO-JMCR
Transcribing agency CO-JMCR
041 ## - LANGUAGE CODE
Language code of text/sound track or separate title spa
082 04 - DEWEY DECIMAL CLASSIFICATION NUMBER
Classification number A-N
Item number CORr
100 1# - MAIN ENTRY--PERSONAL NAME
Personal name Cortázar, Julio,
Dates associated with a name 1914-1984
Relator term autor
9 (RLIN) 2480
245 10 - TITLE STATEMENT
Title Rayuela /
Statement of responsibility, etc. Julio Cortázar
260 ## - PUBLICATION, DISTRIBUTION, ETC.
Place of publication, distribution, etc. Bogotá :
Name of publisher, distributor, etc. La oveja negra,
Date of publication, distribution, etc. 1963
300 ## - PHYSICAL DESCRIPTION
Extent 493 páginas ;
Dimensions 18 cm.
490 0# - SERIES STATEMENT
Series statement Historia de la literatura latinoamericana
520 ## - SUMMARY, ETC.
Summary, etc. Publicada en 1963, esta novela del escritor argentino Julio Cortázar se divide en tres partes, tituladas Del lado de allá (capítulos del 1 al 36), Del lado de acá (desde el capítulo 37 al 56).
650 04 - SUBJECT ADDED ENTRY--TOPICAL TERM
Topical term or geographic name entry element Novela de amor
9 (RLIN) 6376
942 ## - ADDED ENTRY ELEMENTS (KOHA)
Source of classification or shelving scheme Dewey Decimal Classification
Koha item type Books
Existencias
Withdrawn status Lost status Source of classification or shelving scheme Damaged status Not for loan Collection code Home library Current library Date acquired Source of acquisition Cost, normal purchase price Total Checkouts Total Renewals Full call number Barcode Date last seen Date last checked out Copy number Koha item type
    Dewey Decimal Classification     Fiction Biblioteca Pública José María del Castillo y Rada Biblioteca Pública José María del Castillo y Rada 11/28/2019 Donación 0.00 12 11 A-N CORr 201811178 03/24/2026 03/03/2026 Ej.1 Books